000 00997nam a22003137a 4500
001 BR0104240
003 BR-BrBNA
005 20230928100947.0
007 ta
008 230509b bl.||||| |||| 00| 0 por d
040 _aBR-BrBNA
_bpor
_cBiblioteca Nacional de Agricultura
041 _a(Por)
072 _aF04; F30
_b1930
_b3820
_b3830
_b3810
090 _ 1930 BR0104240
100 1 _aPaterniani, R.S.
110 1 _aCentro de Energia Nuclear na Agricultura, Piracicaba, SP (Brasil)
_0Tese (Doutor em Ciencias)
245 1 _aRespostas de seis hibridos de Capim-Coloniao (Panicum maximum Jacq.)a niveis de adubacao com N, P, K
260 3 _aPiracicaba, SP (Brasil):
_c2000.
300 _a211 p.
500 _aSummaries (Eng, Por); Bibliography p. 198-211; 9 illus.; 60 tables
650 _aCapim Coloniao
650 _aNPK
650 _aAdubacao
650 _aHibrido
650 _aCalagem
650 _aResposta da Planta
909 _a202309
_bLucia
_c55
_dLucia Elande
942 _cBK
999 _c63600
_d63600